000 00706cam a22002291 4500
001 l 55000243
003 DLC
005 20260227111544.0
008 921102s1955 dcua f000 0 eng c
010 _al 55000243
035 _a(OCoLC)26899134
040 _aU.S. Dept. of Labor. Library
_cCLU
_dDLC
042 _apremarc
050 0 0 _aHD7262
_b.U625
110 1 _aUnited States.
_bBureau of Labor Standards.
245 1 0 _aButch learns good housekeeping.
260 _a[Washington,
_bU.S. Govt. Print. Off.,
_c1955]
300 _a[14] p.
_billus.
_c14 cm.
490 1 _aIts Bulletin,
_vno. 182
650 0 _aIndustrial safety.
830 0 _aBulletin (United States. Bureau of Labor Standards) ;
_v182.
999 _c36891
_d36891